=LDR 00000nam 2200000 4500 =001 INLIS000000000016274 =005 20130612111537 =008 ***********************************Ind, Ing** =035 ##$$0010-061300000016274 =041 ##$$a Ind, Ing =082 ##$$a 428.07 =090 ##$$a 428.07, Ata m =100 ##$$a Atasana, Th. Nung =245 ##$$a Mengenal bahasa Inggris, English for Children, oleh Th. Nung Atasana =260 ##$$a 1992 $b Jakarta =300 ##$$a ...jil., ilus, 28 cm =650 ##$$a Bahasa Inggris =650 ##$$a Studi dan pengajaran =850 ##$$a NBPNMAT =990 ##$$a 0001/BPAP-NTB/20142015